Prueba de Ávila - Estadísticas

Estadísticas generales
  • Esta prueba ha sido intentada 18 veces
  • La puntuación promedio es 8 de 16
Estadísticas de respuestas
Pregunta Respuesta % Correcto
Construcción de origen romano que rodea el casco antiguo de la capital Muralla
100%
Dicho ex presidente, nacido y criado en la provincia Adolfo Suárez
88%
Sierra perteneciente al sistema central, atraviesa la provincia Sierra de Gredos
88%
Segunda localidad más poblada de la provincia Arévalo
75%
Monja beatificada en el siglo XVII, símbolo religioso de la provincia Santa Teresa de Jesús
75%
Localidad en el sureste de la provincia, cerca de la frontera con Madrid, lugar de nacimiento de un ex presidente del gobierno. Cebreros
69%
Postre típico de la provincia elaborado a base de huevo y azúcar Yemas de Santa Teresa
63%
Pico más alto de dicha sierra, punto más elevado de todo el sistema central Almanzor
50%
Antigua reina de Castilla nacida en Madrigal de Las Altas Torres Isabel I
50%
La carne de Ávila, con denominación de origen e indicación geográfica protegida, proviene de una raza autóctona de este animal Vaca
44%
Rapero y actor nacido en Piedralaves Jarfaiter
38%
Localidad famosa por sus judías de gran tamaño El Barco de Ávila
31%
Conjunto escultórico de origen vetón en la localidad de El Tiemblo Toros de Guisando
31%
Periodista, escritora y presentadora nacida en Ávila Rosa Villacastín
19%
En muchos pueblos de la provincia se elaboran empanadas rellenas de esta hortaliza Puerro
13%
Animal salvaje especialmente frecuente en la sierra, en la localidad de Hoyos del Espino tiene una escultura en su honor Cabra Montesa
6%
No se encontraron pruebas coincidentes
Distribución de puntuación
Porcentaje de gente con cada puntuación
Porcentaje por número respondido
Historial de tus puntuaciones
No has intentado esta prueba.